| 000 | 00644nam a22001937a 4500 | ||
|---|---|---|---|
| 999 |
_c20838 _d20838 |
||
| 003 | AR-CdUCM | ||
| 008 | 190606b ||||| |||| 00| 0 spa d | ||
| 040 |
_aMUNICIPALIDAD PROVINCIAL DEL CUSCO _cBIBLIOTECA MUNICIPAL DEL CUSCO |
||
| 082 |
_a342.3 / _bG88 |
||
| 100 |
_aGuerasimov, Guennadi _943517 |
||
| 245 | _aDesarme partidarios y enemigos / | ||
| 260 |
_aMoscú : _bNovosti, _c1982. |
||
| 300 |
_a88 páginas ; _c16 cm. |
||
| 505 | _aContenido : Impresionante comienzo -- Causas de la carrera armamentista -- El primer golpe... | ||
| 650 |
_aAsamblea de la ONU _943518 |
||
| 650 |
_aHistoria _9136 |
||
| 942 |
_2ddc _cLIBROS |
||
| 945 | _arcc | ||